| 000 | 00800nam a22002177a 4500 | ||
|---|---|---|---|
| 003 | BD-DhUL | ||
| 005 | 20240228113134.0 | ||
| 008 | 240228s2022 bg ||||| |||| 00| 0 ben d | ||
| 020 | _a9789849639701 (hbk) | ||
| 040 |
_aBD-DhUL _cBD-DhUL |
||
| 082 |
_a891.444 _bAZS |
||
| 100 | 1 | _aআজম, মোহাম্মদ | |
| 245 | 0 | 0 |
_aসাংস্কৃতিক রাজনীতি ও বাংলাদেশ / _cমোহাম্মদ আজম |
| 260 |
_aঢাকা : _bসংহতি, _c২০২২ । |
||
| 300 |
_a৩৫১ পৃ. ; _c২২ সেমি. |
||
| 365 |
_aBDT _b600.00 |
||
| 500 | _aগ্রস্থপঞ্জিগত তথ্য সংবলিত | ||
| 650 | 4 | _aবাংলা প্রবন্ধ | |
| 650 | 4 | _aBengali literature | |
| 942 |
_2ddc _cBK |
||
| 999 |
_c259056 _d259056 |
||